01062cam a22002291 4500001001300000003000400013005001700017008004100034010001700075035001900092040001800111042001200129050002300141100004500164245030800209260003200517300005700549490009700606500006400703650004800767999001700815gs 31000272 DLC20260227111336.0780912s1929 wiuab s000 0 eng  ags 31000272  a(OCoLC)4218445 aDLCcAzUdDLC apremarc00aQE179b.A2 no. 61c1 aWhitson, A. R.q(Andrew R.),d1870-1945.10aSoil survey of Green Lake county,cby A. R. Whitson, W. J. Geib, Homer Chapman, Oscar Magistad, F. J. O'Connell, T. J. Dunnewald and Kenneth Whitson of the Wisconsin Geological and natural history survey, and A. C. Anderson, E. H. Bailey and M. J. Edwards of the United States Department of agriculture. a[Madison]bThe State,c1929 a79 p.bincl. illus., tables. fold. col. map.c23 cm.0 aWisconsin. Geological and natural history survey. Bulletin,vno. 61c. Soil series, no. 41 aSoil survey in cooperation with the College of agriculture. 0aSoil surveyszWisconsinzGreen Lake County. c26920d26920